<?xml version="1.0" encoding="UTF-8"?>
<collection xmlns="http://www.loc.gov/MARC21/slim">
 <record>
  <leader>00682pamaa2200157   4500</leader>
  <controlfield tag="001">0000012960</controlfield>
  <controlfield tag="005">20070130090000.0</controlfield>
  <datafield tag="020" ind1="0" ind2="0">
   <subfield code="a">9623280025 </subfield>
  </datafield>
  <datafield tag="090" ind1="0" ind2="0">
   <subfield code="a">DS709 </subfield>
   <subfield code="b">CHI 1988</subfield>
  </datafield>
  <datafield tag="245" ind1="0" ind2="4">
   <subfield code="a">The CHINESE empire illustrated : </subfield>
   <subfield code="b">being a series of views from original sketches dispaying the scenery, architecture , social habits, etc., of that ancient and exclusive nation by thomas Allom with historical and descriptive letterpress by the Rev. G.N. Wright  </subfield>
   <subfield code="c">Adapted and abridged by D.J. Tate.</subfield>
  </datafield>
  <datafield tag="260" ind1="0" ind2="0">
   <subfield code="a">Hong Kong: </subfield>
   <subfield code="b">John Nicholson, </subfield>
   <subfield code="c">1988.</subfield>
  </datafield>
  <datafield tag="300" ind1=" " ind2=" ">
   <subfield code="a">viii, 132p.: </subfield>
   <subfield code="b">ill.; </subfield>
   <subfield code="c">23cm.</subfield>
  </datafield>
  <datafield tag="650" ind1="0" ind2="0">
   <subfield code="a">Chinese empire </subfield>
  </datafield>
  <datafield tag="700" ind1="1" ind2="1">
   <subfield code="a">Tate, </subfield>
   <subfield code="h">D.J.M. </subfield>
  </datafield>
  <datafield tag="700" ind1="1" ind2="1">
   <subfield code="a">Wright, </subfield>
   <subfield code="h">G.N. </subfield>
  </datafield>
  <datafield tag="700" ind1="1" ind2="1">
   <subfield code="a">Allom, </subfield>
   <subfield code="h">Thomas </subfield>
  </datafield>
 </record>
</collection>
